Conservació del patrimoni : recerca, disseny, ús (10 exemplars a Anoia) / recerca, disseny, ús (10 exemplars a Anoia) /
MARC
| LEADER | 00000nab a2200000 a 4500 | ||
|---|---|---|---|
| 001 | 10258 | ||
| 003 | Arxiu | ||
| 005 | 20260326124741.0 | ||
| 008 | 160829s9999 xx 000 0 cat d | ||
| 100 | 1 | |a González, Antoni, |d 1943- |9 26020 | |
| 245 | |a Conservació del patrimoni : |b recerca, disseny, ús (10 exemplars a Anoia) / |c Antoni Gonzalez i Moreno Navarro | ||
| 260 | |a Barcelona : |b Diputació de Barcelona ; |c 1987 | ||
| 300 | |a 8 pàgs. ; |b il. b/n ; |c 29 cm. | ||
| 490 | |a Arrel : revista editada per la Diputació de Barcelona ; |v Núm. 18 (abril, 1987) ; pàgs. 134-141 |x 0211-562X | ||
| 650 | |a Anoia |x Conservació i restauració d'edificis |9 44163 | ||
| 650 | 0 | |a Patrimoni cultural |x Anoia (Catalunya) |9 44164 | |
| 650 | |a Torre de la Manresana (Els Prats de Rei) I |9 44165 | ||
| 650 | |a Santa Maria, Esglèsia (Rubió) |9 44166 | ||
| 650 | |a Santa Càndia, Esglèsia (Orpí) |9 44167 | ||
| 650 | |a Torre del Castell (Òdena) |9 44168 | ||
| 650 | |a Sant Pere de Vilademàger, Conjunt (La Llacuna) |9 44169 | ||
| 650 | 0 | |a |9 44170 | |
| 650 | |a Santa Maria, Esglèsia i Priorat (Castellfollit de Riubregós) |9 44171 | ||
| 650 | |a Can Cases (El Bruc) |9 44172 | ||
| 650 | |a Plaça Gran (Calaf) XII. Riera de Rubió (Jorba : pont) |9 44173 | ||
| 856 | 4 | |u https://media.diba.cat/diba/fitxers/arxiu/hemeroteca/arrel/10258/bib_10258_1987_n02_a14_baixa.pdf |y Accés lliure | |
| 901 | |a Arxiu | ||
| 942 | |n 1 |2 udc |c Articles de revista | ||
| 952 | |0 0 |1 0 |2 udc |4 0 |6 REV95 |7 1 |9 51823 |a Arxiu |b Arxiu |d 2016-12-01 |o Rev-95 |r 2016-12-01 00:00:00 |w 2016-12-01 |y ARXIU | ||
| 999 | |c 55669 |d 55669 | ||
| 900 | |a bib_10258_1987_n02_a14_baixa.pdf | ||